000 00488nam a2200157 a 4500
001 000008403
005 20240226144733.0
008 090916s1983 dr c r 001 0 spa d
040 _aDO-SdBNP
_bspa
_cBNPHU
082 _axxxx
_bB641d
100 1 _aJorge Blanco, Salvador,
_d1926-2010
_930551
245 1 0 _aDiscursos :
_bdemocracia económica /
_cSalvador Jorge Blanco.
260 _aSanto Domingo :
_bSerigraf,
_c1983.
300 _a224 p. :
_bretrs. ;
_c22 cm.
590 _aInventariado, 2019/VM
999 _c8174
_d8174